000 00575nam a2200181Ia 4500
008 100917s9999 xx 000 0 und d
082 _b50667
100 _aदेवधर सी. आर.
245 _aप्रतिज्ञा यौगन्धरायणम
260 _bओरिअेन्टल बुक
_c1967
300 _a123
365 _b4.5
520 _a---
630 _aप्रतिज्ञा यौगन्धरायणम
650 _a---
730 _aप्रतिज्ञा यौगन्धरायणम
942 _cBOOK
999 _c656061
_d656058